书目信息 |
| 题名: |
吃出健康来
|
|
| 作者: | 黄君彦 编著 | |
| 分册: | ||
| 出版信息: | 北京 中国纺织工业出版社 2000.01 |
|
| 页数: | 150页 | |
| 开本: | 32开 | |
| 丛书名: | ||
| 单 册: | ||
| 中图分类: | R151 | |
| 科图分类: | ||
| 主题词: | 营养卫生 , 食品卫生 , 饮食卫生 , 食品卫生学 | |
| 电子资源: | ||
| ISBN: | 7-5064-1718-9 | |
| 000 | 00634nam0 2200229 45 | |
| 001 | 0009020868 | |
| 005 | 20000902083811.4 | |
| 010 | @a7-5064-1718-9@d10.00元 | |
| 100 | @a20000902d2000 km y0chiy0120 ea | |
| 101 | 0 | @achi |
| 105 | @a z 000yy | |
| 200 | 1 | @a吃出健康来@AChi Chu Jian Kang Lai@f(台湾)黄君彦编著@F(Tai Wan)Huang Jun Yan Bian Zhu |
| 210 | @a北京@c中国纺织工业出版社@d2000.01 | |
| 215 | @a150页@d32开 | |
| 606 | 0 | @a营养卫生 |
| 606 | 0 | @a食品卫生 |
| 606 | 0 | @a饮食卫生 |
| 606 | 0 | @a食品卫生学 |
| 690 | @aR151@v3 | |
| 701 | 0 | @a黄君彦@4编著 |
| 801 | @aCN@bPftUser@c20000902 | |
| 905 | @b115214-218@dR151@eH915@f5 | |
| 吃出健康来/(台湾)黄君彦编著.-北京:中国纺织工业出版社,2000.01 |
| 150页;32开 |
| ISBN 7-5064-1718-9:10.00元 |
| ● |
| 相关链接 |
|
|
|
正题名:吃出健康来
索取号:R151/H915
 
预约/预借
| 序号 | 登录号 | 条形码 | 馆藏地/架位号 | 状态 | 备注 |
| 1 | 115214 | 201152144 | 自科库401/401自科库 103排7列3层/ [索取号:R151/H915] | 在馆 | |
| 2 | 115215 | 201152153 | 自科库401/ [索取号:R151/H915] | 在馆 | |
| 3 | 115216 | 201152162 | 自科库401/401自科库 103排7列3层/ [索取号:R151/H915] | 在馆 | |
| 4 | 115217 | 201152171 | 自科库401/ [索取号:R151/H915] | 在馆 | |
| 5 | 115218 | 201152180 | 自科库401/401自科库 103排7列3层/ [索取号:R151/H915] | 在馆 |